000 00815nam a2200229 i 4500
001 184947
003 SpMaBN
005 20250716062540.0
008 160224s1977 xxk |||| | eng d
020 _a014070731X
080 _a821.111-21"15"
100 1 _aShakespeare, William,
_d1564-1616
_9105992
245 1 0 _aAntony and Cleopatra /
_cWilliam Shakespeare ; edited by Emrys Jones.
260 _aHarmondsworth, Middlesex :
_bPenguin Books,
_c1977.
300 _a299 p. ;
_c18 cm.
490 1 _aNew Penguin Shakespeare
600 1 4 _aShakespeare, William,
_d1564-1616-
_xCrítica e interpretación
_9105993
700 1 _aJones, Emrys (
_d1931-)
_9158859
830 0 _aNew Penguin Shakespeare
_9225152
852 _aES-MaACL
_jL-30220
_z. - Donat. Miguel A. Velasco
999 _c184947
_d184947